000 00633nam a2200253Ia 4500
003 OSt
005 20221005123552.0
006 a|||||r|||| 00| 0
007 ta
008 221004b |||||||| |||| 00| 0 mal d
024 _a58823
037 _cTextual
040 _aCRL
_cCRL
_bmal
041 _2mal
_amal
082 _aV1:1.J, 32J4.1
100 _aMenon Gopala Au.
_9633834
245 0 _aLoka charitram
260 _c1954
490 _vVol. 1
650 _a MALAYALAM LITERATURE
_938866
650 _aHISTORY
942 _hV1:1.J, 32J4.1
_cTEXL
_2cc
999 _c1047797
_d1047797